000 00458nam a22001817a 4500
003 LK-CoDNM
005 20250110103633.0
008 250110b |||||||| |||| 00| 0 eng d
040 _aLK-CoDNM
_dLK-CoDNM
_eLK-CoDNM
041 _aeng
080 _a5
_bK6
245 _aHandbook of R.H. Burne's Cetacean Dissections
260 _aLondon
_c1952
_bChatta & Windus
300 _a71P ; ill ; 25 cm
490 _vVoll 3
650 _aScience
942 _cBK
999 _c235876
_d235876